Pokémon que empiezan por la letra A - Estadísticas

Estadísticas generales
  • Esta prueba ha sido intentada 47 veces
  • La puntuación promedio es 23 de 45
Estadísticas de respuestas
Gen Tipo Nombre % Correcto
I Psíquico Abra
94%
I Psíquico Alakazam
89%
I Fuego Arcanine
80%
I Volador/Roca Aerodactyl
77%
I Hielo/Volador Articuno
74%
I Veneno Arbok
71%
III Roca/Acero Aggron
69%
IV Planta/Hielo Abomasnow
66%
III Acero/Roca Aron
66%
III Roca/Bicho Armaldo
63%
III Siniestro Absol
57%
III Volador/Dragon Altaria
57%
II Electrico Ampharos
57%
V Roca/Volador Archeops
57%
VI Acero/Fantasma Aegislash
54%
III Roca/Bicho Anorith
54%
II Bicho/Veneno Ariados
54%
VI Hielo/Roca Aurorus
54%
VI Roca/Hielo Amaura
51%
IV Normal Arceus
51%
II Agua/Hada Azumarill
51%
III Normal/Hada Azurill
51%
V Agua Alomomola
49%
V Roca/Volador Archen
46%
V Normal Audino
46%
V Dragon Axew
46%
IV Psíquico Azelf
46%
V Bicho Accelgor
43%
II Normal Aipom
43%
IV Normal Ambipom
43%
IX Lucha/Fantasma Annihilape
43%
VIII Planta/Dragon Appletun
43%
VIII Planta/Dragon Applin
43%
VII Bicho/Agua Araquanid
43%
VI Hielo Avalugg
43%
VIII Hada Alcremie
40%
IX Planta/Normal Arboliva
40%
IX Acero/Dragon Archaludon
40%
V Planta/Veneno Amoonguss
37%
IX Hielo/Dragon Arctibax
37%
IX Fuego/Psíquico Armarouge
37%
VI Hada Aromatisse
37%
VIII Dragon/Electrico Arctozolt
34%
VIII Dragon/Agua Arctovish
31%
VIII Agua Arrokuda
29%
No se encontraron pruebas coincidentes
Distribución de puntuación
Porcentaje de gente con cada puntuación
Porcentaje por número respondido
Historial de tus puntuaciones
No has intentado esta prueba.